000 00397nam a2200157Ia 4500
008 220803s9999 xx 000 0 und d
020 _a88-7448-562-X
041 _aeng
082 _a728.38 CAR
100 _aCarlo G D Ed.
_911702
245 _aSpace And Society.
260 _aNew York
_bGangemi Editore
_c1994
300 _a128p
500 _aArchitecture
650 _aArchitectural Design
_911703
999 _c9585
_d9585